000 00446nam a22001217a 4500
082 _a200 THE
100 _aMUDDASSAR HUSSAIN
_970428
245 _aTH-SOF-1468-Detection of Motor Movement Intention From Movement Related Cortical Potential for Brain-Computer Interface Applications
260 _aIslamabad
_bNUST College of EME
_c2018
650 _aMS-ELECT-79 MSTHESIS
700 _aSupervisor DR. SYED MUHAMMAD TAHIR ZAIDI
_969742
942 _cCF
999 _c577406
_d577406